| 000 | 00549nam a2200205Ia 4500 | ||
|---|---|---|---|
| 999 |
_c4075 _d4075 |
||
| 020 | _a81-7646-381-7 | ||
| 082 | _a362.61 BOS-G SL1 | ||
| 100 | _aBose, Ashish | ||
| 245 | 0 | _aGrowing old in India: voices reveal, statistics speak | |
| 260 |
_aDelhi _bB.R. Publishing _c2004 |
||
| 300 | _axx, 450 | ||
| 650 |
_aMedical care _zIndia |
||
| 650 |
_aAged _zIndia |
||
| 650 |
_aAging _zIndia |
||
| 650 |
_aOld persons _vStatistics _zIndia |
||
| 650 | _aMeditation | ||
| 650 | _aElderly persons | ||
| 700 | _aShankardass, Mala Kapur | ||
| 942 | _cBK | ||